Decorative alphabets
Сохранить в:
| Формат: | |
|---|---|
| Язык: | английский |
| Опубликовано: |
París
Bookking International
1995
|
| Редактирование: | 1a. ed |
| Серии: | Bibliothéque des Arts Décoratifs. Collection Maciet
|
| Предметы: | |
| Метки: |
Добавить метку
Нет меток, Требуется 1-ая метка записи!
|
MARC
| LEADER | 00000cam a2200000 a 4500 | ||
|---|---|---|---|
| 001 | UCD4477 | ||
| 003 | CL-VaPUC | ||
| 008 | 160708e19950000fr |||||||||||||||||eng|d | ||
| 020 | |a 2877142825 | ||
| 082 | 0 | 4 | |a 745.61 |b DEC |2 21 |
| 245 | 1 | 0 | |a Decorative alphabets |
| 250 | |a 1a. ed | ||
| 300 | |a 93 p | ||
| 942 | |c BK | ||
| 945 | |d 20160708 23:22:00 |a arojas | ||
| 260 | |a París |b Bookking International |c 1995 | ||
| 650 | 0 | |a Alfabetos |9 265604 | |
| 650 | 7 | |a DECORACION |2 CL-VaPUC |9 358110 | |
| 650 | 0 | |a Artes decorativas |9 266306 | |
| 583 | |a last modification |c 20160708 23:22:00 |k Rodrigo Vera | ||
| 490 | 0 | |a Bibliothéque des Arts Décoratifs. Collection Maciet | |
| 999 | |c 365375 |d 365373 | ||
| 952 | |0 0 |1 0 |3 erd |4 0 |6 745_610000000000000_DEC_1995 |7 0 |8 A |9 479200 |a FDOHBE |b FDOHBE |e Huesbe Llanos, Marco Antonio, 1934- |i 5334187 |o 745.61 DEC 1995 |p 5334187 |r 2024-01-30 |w 2019-11-24 |y BK |z Catalogado en:20160708 |k HBE | ||